000 00746nam a2200265Ia 4500
003 OSt
005 20220918215920.0
006 a|||||r|||| 00| 0
007 ta
008 220917b |||||||| |||| 00| 0 eng d
024 _a143,353
037 _cTextual
040 _aARTS
_cARTS
_beng
041 _2eng
_aeng
082 _aY15-51:7:5, L9
100 _aTirmizi S A I
_999217
245 0 _aEdicts form the Mugal Harem
260 _aDelhi
_bIdarah Adabiyat-Delhi
_c1979
300 _axii, 131p. illus
_ccm.
490 _aIAD Oriental sereis; 8
500 _aBibliography p120-123; Appendices p116-119 (I-II)
650 _aSOCIOLOGY
942 _hY15-51:7:5, L9
_cTEXL
_2CC
999 _c266306
_d266306